| 000 | 00458nam a22001457a 4500 | ||
|---|---|---|---|
| 999 |
_c130138 _d130138 |
||
| 008 | 200121b ||||| |||| 00| 0 eng d | ||
| 050 | _aPN687.C5 B8 | ||
| 100 |
_aBulfinch, Thomas _948929 |
||
| 245 |
_aLegends of Charlemagne _cThomas Bulfinch |
||
| 260 |
_aLondon _bJ.M. Dent and sons _cno date |
||
| 300 |
_aix, 240p. ; _c18cm. |
||
| 440 |
_aeveryman's library _96984 |
||
| 600 |
_aCharlemagne, Emperor _cRomances _xAdaption _948930 |
||
| 942 |
_2lcc _cMONOGRAPH |
||